000 00576nam a2200241 a 4500
001 nice12345678
003 IN_TiNIC
005 20260116014559.0
008 050524s2001 newa grp 000 0 eng
020 _a8185738
_c110
082 0 0 _a133.423
_bSAK
100 _aSakr, Ahmad H
245 _aAl Jinn
260 _aNew Delhi
_bIslamic Book Service
_c2001
300 _a152p
500 _aincludes index and biblioraphy
505 2 _aConclusion
650 _aDemonology-Jinn
700 1 _aSakr, Ahmad H
902 _bSRS
942 _cBK
999 _c16065
_d16065